<?xml version="1.0" encoding="UTF-8"?>
<resp>
  <nextPage>https://data.bn.org.pl/api/networks/bibs.marcxml?marc=001+b00001150001495&amp;sinceId=1150001496</nextPage>
  <collection>
    <record xmlns='http://www.loc.gov/MARC21/slim'><leader>01253nam a2200385 i 4500</leader><controlfield tag='001'>b00001150001495</controlfield><controlfield tag='005'>20241207031401.4</controlfield><controlfield tag='008'>230609s        pl           |000 0 pol c</controlfield><controlfield tag='009'>9913262233905606</controlfield><datafield ind1=' ' ind2=' ' tag='020'><subfield code='a'>8320905362</subfield></datafield><datafield ind1=' ' ind2=' ' tag='035'><subfield code='a'>KR_1KR_1_20120317233908093932-48omnis_kr</subfield></datafield><datafield ind1=' ' ind2=' ' tag='035'><subfield code='a'>KR_1_20120317233908093932</subfield><subfield code='9'>ExL</subfield></datafield><datafield ind1=' ' ind2=' ' tag='035'><subfield code='a'>(PL)b00001150001495</subfield></datafield><datafield ind1=' ' ind2=' ' tag='040'><subfield code='a'>KR_1</subfield><subfield code='c'>KR_1</subfield></datafield><datafield ind1='0' ind2=' ' tag='041'><subfield code='a'>pol</subfield></datafield><datafield ind1='1' ind2=' ' tag='100'><subfield code='a'>Pospieszyńska, Katarzyna</subfield></datafield><datafield ind1='1' ind2='0' tag='245'><subfield code='a'>Kuchnia chińska /</subfield><subfield code='c'>Katarzyna Pospieszyńska.</subfield></datafield><datafield ind1=' ' ind2=' ' tag='250'><subfield code='a'>Wyd. 2.</subfield></datafield><datafield ind1=' ' ind2=' ' tag='260'><subfield code='a'>Warszawa :</subfield><subfield code='b'>Wydaw. Spółdzielcze,</subfield><subfield code='c'>1988.</subfield></datafield><datafield ind1=' ' ind2=' ' tag='300'><subfield code='a'>214, [2] s., [12] s. fot. kolor. ;</subfield><subfield code='c'>21 cm.</subfield></datafield><datafield ind1='1' ind2=' ' tag='490'><subfield code='a'>Świat na Talerzu</subfield></datafield><datafield ind1=' ' ind2=' ' tag='500'><subfield code='a'>n</subfield></datafield><datafield ind1=' ' ind2=' ' tag='504'><subfield code='a'>Indeks.</subfield></datafield><datafield ind1=' ' ind2='9' tag='650'><subfield code='a'>Kucharstwo</subfield></datafield><datafield ind1=' ' ind2=' ' tag='852'><subfield code='b'>48OMNIS_NETWORK</subfield><subfield code='8'>9913262233905606</subfield></datafield><datafield ind1=' ' ind2=' ' tag='852'><subfield code='b'>48OMNIS_KPS</subfield><subfield code='8'>990002433010208415</subfield></datafield><datafield ind1=' ' ind2=' ' tag='852'><subfield code='b'>48OMNIS_MBPG</subfield><subfield code='8'>991002556239708210</subfield></datafield><datafield ind1=' ' ind2=' ' tag='852'><subfield code='b'>48OMNIS_KR</subfield><subfield code='8'>991000014949708216</subfield></datafield><datafield ind1=' ' ind2=' ' tag='852'><subfield code='b'>48OMNIS_OPO</subfield><subfield code='8'>9948637607907</subfield></datafield><datafield ind1=' ' ind2=' ' tag='852'><subfield code='8'>22775701110008415</subfield><subfield code='j'>1</subfield><subfield code='b'>KP</subfield><subfield code='p'>000001865844</subfield><subfield code='c'>WG</subfield><subfield code='z'>641 MAG</subfield></datafield><datafield ind1=' ' ind2=' ' tag='852'><subfield code='8'>22803365150008210</subfield><subfield code='j'>1</subfield><subfield code='b'>F12</subfield><subfield code='p'>10270908</subfield><subfield code='c'>UBYTKI_F12</subfield></datafield><datafield ind1=' ' ind2=' ' tag='852'><subfield code='8'>2213730120007907</subfield><subfield code='j'>1</subfield><subfield code='b'>OPO_4_1</subfield><subfield code='p'>CH18348</subfield><subfield code='c'>GBP</subfield></datafield><datafield ind1=' ' ind2=' ' tag='920'><subfield code='a'>83-209-0536-2</subfield></datafield></record>
  </collection>
</resp>
